| 000 | 00000nam##2200000za#4500 |
| 001 | 9.580826 |
| 003 | CaOODSP |
| 005 | 20210624191227 |
| 007 | cr ||||||||||| |
| 008 | 150406|2001||||xxc|||||o f|0| 0 eng|d |
| 040 | |aCaOODSP|beng |
| 043 | |an-cn--- |
| 086 | 1 |aNH18-22/101-111E-PDF |
| 110 | 2 |aCanada Mortgage and Housing Corporation. |
| 245 | 10|aEstimation of the contribution of phosphorus from on-site sewage disposal systems to lakes |h[electronic resource] |
| 250 | |aRevised 2007 |
| 260 | |aOttawa - Ontario : |bCanada Mortgage and Housing Corporation |cc2001, 2007. |
| 300 | |a1p.|bfig. |
| 490 | 1 |aResearch and development highlights; technical series |v01-111 |
| 500 | |aFile reproduced from original print. |
| 590 | |a14-16-Supp|b2014-09-25 |
| 775 | 08|tEstimation de la proportion du phosphore rejeté par les installations d'assainissement individuelles qui aboutit dans les lacs / |w(CaOODSP)9.607769 |
| 830 | #0|aResearch and development highlights; technical series ;|v01-111|w(CaOODSP)9.504481 |
| 856 | 40|ahttp://publications.gc.ca|qPDF|s761 KB|uhttps://publications.gc.ca/collections/collection_2014/schl-cmhc/NH18-22-101-111-eng.pdf|y01-111 |